| 000 | 00641nam a2200217 a 4500 | ||
|---|---|---|---|
| 001 | 63040 | ||
| 003 | BD-RjUL | ||
| 005 | 20211209081143.0 | ||
| 008 | 170128s1969 fr 000 0 fre d | ||
| 035 | _a(BD-RjUL)63168 | ||
| 040 |
_cBBH _dMYG _aBD-RjUL _beng |
||
| 041 | _aeng | ||
| 082 |
_223 _a842.91 _bPAM 1969 |
||
| 090 | _bM3 1962 | ||
| 100 | 1 |
_aPagnol, Marcel, _d1895-1974. _9187535 |
|
| 245 | 1 | 0 |
_aMarius : _b pièce en quatre actes et six tableaux / _cMarcel Pagnol |
| 260 |
_aParis : _bFasquelle, _cc1969 |
||
| 300 |
_a251 p. ; _c19 cm. |
||
| 650 |
_aMan-woman relationships -- France -- Marseille -- Drama _9187536 |
||
| 942 |
_2ddc _cBK |
||
| 999 |
_c63040 _d63040 |
||